000 00344nam a2200133Ia 4500
008 220217s9999||||xx |||||||||||||| ||und||
020 _a0333-936679-5
082 _a004 FAD
100 _aFadia, Ankit
245 0 _aUnofficial guide to ethical hacking
260 _aMacmillan
_bDelhi
_c2001
300 _b385
650 _aCOMPUTER SCIENCE
999 _c173417
_d173417